Vampire Diaries Characters Quiz Stats

 Plays Quiz Updated Mar 29, 2019

Score 0/11 Timer 04:00
5 Plays Today
Actor/Actress Character % Correct
Nina DobrevElena Gilbert/Katherine Pierce
98.6%
Ian SomerhalderDamon Salvatore
98.3%
Paul WesleyStefan Salvatore
98%
Katerina GrahamBonnie Bennett
94.2%
Candice AccolaCaroline Forbes
94.1%
Zach RoerigMatt Donovan
92.9%
Steven R. McQueenJeremy Gilbert
89.8%
Michael TrevinoTyler Lockwood
88%
Joseph MorganNiklaus Mikaelson
87.5%
Matthew DavisAlaric Saltzman
84.3%
Sara CanningJenna Sommers
74%

You're not logged in!

Compare scores with friends on all Sporcle quizzes.
OR
Log In

Sporcle TV

Today on Sporcle TV


Watch our educational content, quiz creation guides, and fun videos on Sporcle TV.

Show Comments

Extras

Top Quizzes Today


Score Distribution

Your Account Isn't Verified!

In order to create a playlist on Sporcle, you need to verify the email address you used during registration. Go to your Sporcle Settings to finish the process.

Report this User

Report this user for behavior that violates our Community Guidelines.

Details: